<?xml version="1.0" encoding="UTF-8"?><?xml-stylesheet type="text/xsl" href="static/style.xsl"?><OAI-PMH xmlns="http://www.openarchives.org/OAI/2.0/" xmlns:xsi="http://www.w3.org/2001/XMLSchema-instance" xsi:schemaLocation="http://www.openarchives.org/OAI/2.0/ http://www.openarchives.org/OAI/2.0/OAI-PMH.xsd"><responseDate>2026-04-17T01:27:43Z</responseDate><request verb="GetRecord" identifier="oai:www.recercat.cat:2072/486694" metadataPrefix="marc">https://recercat.cat/oai/request</request><GetRecord><record><header><identifier>oai:recercat.cat:2072/486694</identifier><datestamp>2025-09-17T08:37:47Z</datestamp><setSpec>com_2072_98</setSpec><setSpec>col_2072_378192</setSpec></header><metadata><record xmlns="http://www.loc.gov/MARC21/slim" xmlns:dcterms="http://purl.org/dc/terms/" xmlns:xsi="http://www.w3.org/2001/XMLSchema-instance" xmlns:doc="http://www.lyncode.com/xoai" xsi:schemaLocation="http://www.loc.gov/MARC21/slim http://www.loc.gov/standards/marcxml/schema/MARC21slim.xsd">
   <leader>00925njm 22002777a 4500</leader>
   <datafield ind2=" " ind1=" " tag="042">
      <subfield code="a">dc</subfield>
   </datafield>
   <datafield ind2=" " ind1=" " tag="720">
      <subfield code="a">González Quesada, Alfonso</subfield>
      <subfield code="e">author</subfield>
   </datafield>
   <datafield ind2=" " ind1=" " tag="720">
      <subfield code="a">Lázaro Pernias, Patrícia</subfield>
      <subfield code="e">author</subfield>
   </datafield>
   <datafield ind2=" " ind1=" " tag="260">
      <subfield code="c">2025</subfield>
   </datafield>
   <datafield ind2=" " ind1=" " tag="520">
      <subfield code="a">Text en castellà i català</subfield>
   </datafield>
   <datafield ind2=" " ind1=" " tag="520">
      <subfield code="a">En los últimos años, la ciencia abierta se ha consolidado como un nuevo paradigma que promueve la transparencia, el acceso libre al conocimiento y la participación ciudadana, especialmente en investigaciones financiadas con fondos públicos. Las revistas diamante representan un modelo editorial alineado con estos valores: sin ánimo de lucro, sin costes para autores ni lectores, y con gestión comunitaria. En el ámbito de la publicidad, este modelo supone una oportunidad para hacer la investigación más inclusiva, ética y accesible, fortaleciendo el vínculo entre academia, industria y sociedad. Questiones Publicitarias se presenta como un ejemplo de este compromiso transformador.</subfield>
   </datafield>
   <datafield ind2=" " ind1=" " tag="520">
      <subfield code="a">En els darrers anys, la ciència oberta s'ha consolidat com un nou paradigma que promou la transparència, l'accés lliure al coneixement i la participació ciutadana, especialment en investigacions finançades amb fons públics. Les revistes diamant representen un model editorial alineat amb aquests valors: sense ànim de lucre, sense costos per a autores ni lectores, i amb una gestió comunitària. En l'àmbit de la publicitat, aquest model suposa una oportunitat per fer la recerca més inclusiva, ètica i accessible, enfortint el vincle entre acadèmia, indústria</subfield>
   </datafield>
   <datafield ind2=" " ind1=" " tag="520">
      <subfield code="a">In recent years, open science has emerged as a new paradigm promoting transparency, free access to knowledge, and public engagement, especially in research funded with public resources. Diamond journals embody this approach through non-profit, community-driven publishing models with no fees for authors or readers. In the field of advertising, this model offers a unique opportunity to make research more inclusive, ethical, and accessible, strengthening the connection between academia, industry, and society. Questiones Publicitarias stands as a living example of this transformative commitment.</subfield>
   </datafield>
   <datafield ind1="8" ind2=" " tag="024">
      <subfield code="a">http://hdl.handle.net/2072/486694</subfield>
   </datafield>
   <datafield tag="653" ind2=" " ind1=" ">
      <subfield code="a">Ciencia abierta</subfield>
   </datafield>
   <datafield tag="653" ind2=" " ind1=" ">
      <subfield code="a">Revistas diamante</subfield>
   </datafield>
   <datafield tag="653" ind2=" " ind1=" ">
      <subfield code="a">Conocimiento</subfield>
   </datafield>
   <datafield tag="653" ind2=" " ind1=" ">
      <subfield code="a">Ciència oberta</subfield>
   </datafield>
   <datafield tag="653" ind2=" " ind1=" ">
      <subfield code="a">Revistes diamant</subfield>
   </datafield>
   <datafield tag="653" ind2=" " ind1=" ">
      <subfield code="a">Coneixement</subfield>
   </datafield>
   <datafield tag="653" ind2=" " ind1=" ">
      <subfield code="a">Open science</subfield>
   </datafield>
   <datafield tag="653" ind2=" " ind1=" ">
      <subfield code="a">Diamond journals</subfield>
   </datafield>
   <datafield tag="653" ind2=" " ind1=" ">
      <subfield code="a">Knowledge</subfield>
   </datafield>
   <datafield ind2="0" ind1="0" tag="245">
      <subfield code="a">Publicidad en abierto : el rol de las revistas diamante para una investigación transparente y accesible</subfield>
   </datafield>
</record></metadata></record></GetRecord></OAI-PMH>